|
|
|
|
| LEADER |
00000nam0a2200000 4500 |
| 001 |
250445 |
| 005 |
20231031213146.0 |
| 010 |
|
|
|a 5020166928
|
| 020 |
|
|
|a RU
|b 89-13675
|
| 035 |
|
|
|a (RuTPU)RU\TPU\book\272645
|
| 090 |
|
|
|a 250445
|
| 100 |
|
|
|a 20140213d1989 km y0rusy5003 ca
|
| 101 |
0 |
|
|a rus
|
| 102 |
|
|
|a RU
|
| 105 |
|
|
|a y z 001zy
|
| 200 |
1 |
|
|a Японский пролетариат: экономическое положение и классовое сознание
|f Л. П. Арская
|g Академия наук СССР (АН СССР), Институт международного рабочего движения (ИМРД)
|
| 210 |
|
|
|a Москва
|c Наука
|d 1989
|
| 215 |
|
|
|a 224 с.
|
| 300 |
|
|
|a Рез.: англ.
|
| 320 |
|
|
|a Библиогр.: с. 215-221 (267 назв.).
|
| 606 |
1 |
|
|a Япония
|x Внутреннаая политика
|2 stltpush
|3 (RuTPU)RU\TPU\subj\73091
|
| 610 |
1 |
|
|a рабочий класс
|
| 610 |
1 |
|
|a пролетариат
|
| 610 |
1 |
|
|a классовые интересы
|
| 610 |
1 |
|
|a экономическое положение
|
| 610 |
1 |
|
|a труд
|
| 610 |
1 |
|
|a профсоюзы
|
| 610 |
1 |
|
|a 20 век
|
| 686 |
|
|
|a Ф3(5Я)
|v LBC/SL-A
|2 rubbk
|
| 700 |
|
1 |
|a Арская
|b Л. П.
|g Людмила Павловна
|
| 712 |
0 |
2 |
|a Академия наук СССР (АН СССР)
|b Институт международного рабочего движения (ИМРД)
|c (Москва)
|c (1966-1991)
|2 stltpush
|3 (RuTPU)RU\TPU\col\7681
|
| 801 |
|
0 |
|a RU
|b RuMRKP
|c 19950417
|g psbo
|
| 801 |
|
1 |
|a RU
|b 63413507
|c 20140213
|
| 801 |
|
2 |
|a RU
|b 63413507
|c 20140224
|g RCR
|
| 942 |
|
|
|c BK
|